Biblioteka Instytutu Północnego w Olsztynie

Widok standardowy Widok MARC

Pozycja Topical Term

Liczba rekordów, w których użyto hasła: 1

001 - Numer kontrolny

  • control field: 40175

003 - Identyfikator numeru kontrolnego

  • control field: NUKAT

005 - Data i czas ostatniej modyfikacji

  • control field: 20260416131336.0

008 - Dane kontrolne kodowane (40 znaków)

  • fixed length control field: 050120n||azznnbabn |a ana |

010 ## - Numer kontrolny Biblioteki Kongresu

  • numer kontrolny LC: p 2004315632

035 ## - Numer systemowy

  • numer systemowy: a10309846

035 ## - Numer systemowy

  • numer systemowy: (PL)a0000001030984

040 ## - Instytucja sporządzająca rekord

  • inst. przygot. dane do rek. khw: WA N
  • język haseł przedmiotowych/tezaurus: DBN
  • inst. wprow. rek. khw: WA N

072 ## - Kod kategorii przedmiotu

  • kod kategorii przedmiotu: 13

072 ## - Kod kategorii przedmiotu

  • kod kategorii przedmiotu: 26

150 ## - Hasło - nazwa pospolita

  • nazwa posp. lub nazwa geogr. na pocz.: Pakt Ribbentrop-Mołotow (1939)

450 ## - Trop zob. - nazwa pospolita

  • nazwa posp. lub nazwa geogr. na pocz.: Hitler-Stalin-Pakt

450 ## - Trop zob. - nazwa pospolita

  • nazwa posp. lub nazwa geogr. na pocz.: Hitler-Stalin, pakt

450 ## - Trop zob. - nazwa pospolita

  • nazwa posp. lub nazwa geogr. na pocz.: Pakt Hitler-Stalin

450 ## - Trop zob. - nazwa pospolita

  • nazwa posp. lub nazwa geogr. na pocz.: Pakt o nieagresji radziecko-niemiecki (1939)

450 ## - Trop zob. - nazwa pospolita

  • nazwa posp. lub nazwa geogr. na pocz.: Ribbentrop-Mołotow, pakt

450 ## - Trop zob. - nazwa pospolita

  • nazwa posp. lub nazwa geogr. na pocz.: Układ o nieagresji radziecko-niemiecki (1939)

500 1# - Trop zob. też - nazwa osobowa

  • nazwa osobowa (nazwisko, imiona): Ribbentrop, Joachim von
  • daty biograficzne: (1893-1946)

500 1# - Trop zob. też - nazwa osobowa

  • nazwa osobowa (nazwisko, imiona): Mołotow, Wiaczesław
  • daty biograficzne: (1890-1986)

550 ## - Trop zob. też - nazwa pospolita

  • nazwa posp. lub nazwa geogr. na pocz.: II wojna światowa (1939-1945)

550 ## - Trop zob. też - nazwa pospolita

  • nazwa posp. lub nazwa geogr. na pocz.: Kampania wrześniowa (1939)

550 ## - Trop zob. też - nazwa pospolita

  • nazwa posp. lub nazwa geogr. na pocz.: Trzecia Rzesza (1933-1945)

551 ## - Trop zob. też - nazwa geograficzna

  • nazwa geograficzna: Europa Środkowo-Wschodnia

551 ## - Trop zob. też - nazwa geograficzna

  • nazwa geograficzna: Niemcy

551 ## - Trop zob. też - nazwa geograficzna

  • nazwa geograficzna: Polska

551 ## - Trop zob. też - nazwa geograficzna

  • nazwa geograficzna: ZSRR

682 ## - Informacja o usuniętym haśle

  • tekst wyjaśniający: zatwierdzone
Biblioteka Instytutu Północnego, ul. Partyzantów 87, 10-402 Olsztyn, email: biblioteka(at)ip.olsztyn.pl